| 000 | 00917cab a2200241 4500 | ||
|---|---|---|---|
| 001 | ABS59882 | ||
| 008 | 090401t1999 xxu||||| |||| 00| 0 eng d | ||
| 035 | _a(Sirsi) u90712 | ||
| 041 | _aeng | ||
| 100 | _aTaylor, S. | ||
| 245 | _aCan partnering work for you? | ||
| 260 | _c1999 | ||
| 350 | _a0 | ||
| 490 |
_aContract Journal _v397(6208) 13 January 1999, 18-19(2) |
||
| 520 | _aArgues that to be successful, partnering arrangements must be balanced between a commitment to a change of culture and attitudes at all levels, and an awareness of commercial reality. Also suggests that incentive arrangements which reward achievement of the objectives are of great importance. | ||
| 650 | _aCONSTRUCTION INDUSTRY | ||
| 650 | _aCONSTRUCTION PROJECTS | ||
| 650 | _aPARTNERING ARRANGEMENTS | ||
| 650 | _aPARTNERING | ||
| 690 | _aBUILT ENVIRONMENT-BUILDING CONTRACT FORMS | ||
| 942 | _n0 | ||
| 948 | _c14/01/1999 | ||
| 999 |
_c57523 _d57523 |
||